Nguyên tắc phân loại và danh pháp động vật : Giáo trình cao học ngành sinh học

Uloženo v:
Podrobná bibliografie
Hlavní autor:  Nguyễn Ngọc Châu
Médium: Sách
Jazyk:Undetermined
Vydáno:  Khoa học Tự nhiên và Công nghệ  2007
Témata:
Tagy: Přidat tag
Žádné tagy, Buďte první, kdo otaguje tento záznam!
Thư viện lưu trữ: Trung tâm Thư viện - Trường Đại học Công nghiệp TP. Hồ Chí Minh
LEADER 00600nam a2200157Ia 4500
001 UIH_04667
008 231011s9999 xx 000 0 und d
082 |a  590 
100 |a  Nguyễn Ngọc Châu 
245 0 |a  Nguyên tắc phân loại và danh pháp động vật : Giáo trình cao học ngành sinh học 
245 0 |c  Nguyễn Ngọc Châu 
260 |b  Khoa học Tự nhiên và Công nghệ 
260 |c  2007 
650 |a  Động vật;  
927 |a Sách 
980 |a Trung tâm Thư viện - Trường Đại học Công nghiệp TP. Hồ Chí Minh